| 000 | 00717nam a22002175a 4500 | ||
|---|---|---|---|
| 008 | 150817s2014 ii a frbd 001 0 eng d | ||
| 020 | _a9789351194187 | ||
| 040 |
_aEG-ScBUE _beng _cEG-ScBUE _dEG-ScBUE |
||
| 082 | 0 | 4 |
_a004.678 _bCLO _222 |
| 245 | 0 | 0 |
_aCloud computing : _bblack book / _cKailash Jayaswal ... [et al.] |
| 260 |
_aNew Delhi : _bDreamtech Press , _c2014. |
||
| 300 |
_axxvi, 457 p. : _bill. ; _c24 cm. |
||
| 500 | _aGlossary : p. 447-454. | ||
| 500 | _aIndex : p. 455-457. | ||
| 504 | _aIncludes bibliographical references. | ||
| 650 | 7 |
_aCloud computing. _2BUEsh _937309 |
|
| 651 | _2BUEsh | ||
| 653 |
_bCOMSCI _cAugust2015 _cJanuary2016 |
||
| 700 | 1 | _aJayaswal, Kailash. | |
| 942 |
_2ddc _k004.678 CLO |
||
| 999 |
_c20557 _d20529 |
||